000 01049nam a2200277Ia 4500
003 OSt
005 20220930091412.0
006 a|||||r|||| 00| 0
007 ta
008 220926b |||||||| |||| 00| 0 eng d
024 _a5872
037 _cTheses
040 _aCRL
_cCRL
_beng
041 _2eng
_aeng
100 _aKanojia Neha Au.
_9545554
110 _aUniversity of Delhi. Faculty of Medical Sciences. Department of Anaesthesiology
_9519568
245 0 _aEfficacy of ultrasound guided transversus abdominis plane block and caudal block on postoperative analgesia in children undergoing lower abdominal surgery - a randomised study
260 _c2012
300 _a57
_ap.
_ccm.
650 _aANESTHETICS
_9519569
700 _a Dr. Sharmila Ahuja Gu.
_9535976
700 _a Dr. Sujata Chaudhary Gu.
_9536962
700 _aUniversity of Delhi. Faculty of Medical Sciences. Department of Anaesthesiology
_9519571
942 _cDIS
_2CC
999 _c882031
_d882031